2014-15 Formula E Poles & Podiums - Statistics

General Stats
  • This quiz has been taken 24 times
  • The average score is 13 of 44
Answer Stats
Grand Prix Pole Position % Correct
Beijing ePrix Nicolas Prost
76%
Putrajaya ePrix Nicolas Prost
59%
Lucas di Grassi
53%
Miami ePrix Jean-Éric Vergne
41%
Nicolas Prost
41%
Buenos Aires ePrix Sébastien Buemi
41%
Sébastien Buemi
41%
Punta d. Este ePrix Jean-Éric Vergne
35%
Lucas di Grassi
35%
Lucas di Grassi
35%
Lucas di Grassi
35%
Nelson Piquet Jr.
35%
Sam Bird
35%
Sam Bird
35%
Sam Bird
35%
Sébastien Buemi
35%
Berlin ePrix Jarno Trulli
29%
Jérôme d'Ambrosio
29%
Lucas di Grassi
29%
Nelson Piquet Jr.
29%
Nelson Piquet Jr.
29%
Nicolas Prost
29%
Monaco ePrix Sébastien Buemi
29%
London ePrix 1 Sébastien Buemi
29%
Sébastien Buemi
29%
António Félix da Costa
24%
Daniel Abt
24%
Franck Montagny
24%
Moscow ePrix Jean-Éric Vergne
24%
Jean-Éric Vergne
24%
Jean-Éric Vergne
24%
Lucas di Grassi
24%
Nelson Piquet Jr.
24%
Nelson Piquet Jr.
24%
Nick Heidfeld
24%
Scott Speed
24%
Sébastien Buemi
24%
Long Beach ePrix Daniel Abt
18%
Jérôme d'Ambrosio
18%
Jérôme d'Ambrosio
18%
Sébastien Buemi
18%
Loïc Duval
12%
Loïc Duval
12%
London ePrix 2 Stéphane Sarrazin
12%
No matching quizzes found
Score Distribution
Percent of People with Each Score
Percentile by Number Answered
Your Score History
You have not taken this quiz